Por las provincias del norte (Record no. 136159)

MARC details
000 -LEADER
campo de control de longitud fija 00642nam a2200157 4500
001 - NÚMERO DE CONTROL
campo de control 136159
003 - IDENTIFICADOR DE NÚMERO DE CONTROL
campo de control ES-MaACL
005 - FECHA Y HORA DE LA ÚLTIMA TRANSACCIÓN
campo de control 20230906195041.0
007 - CAMPO FIJO DE DESCRIPCIÓN FÍSICA--INFORMACIÓN GENERAL
campo de control de longitud fija t|
008 - DATOS DE LONGITUD FIJA--INFORMACIÓN GENERAL
campo de control de longitud fija 070214s1911 ag r ||||1| spa d
100 1# - ENTRADA PRINCIPAL--NOMBRE DE PERSONA
Nombre de persona Saavedra Lamas, Carlos.
9 (RLIN) 101144
245 10 - MENCIÓN DEL TÍTULO
Título Por las provincias del norte
Resto del título : estudio sobre el régimen de la Industria Azucarera [en la Argentina] /
Mención de responsabilidad, etc. discurso pronunciado en la Cámara de Diputación de la Nación por el Doctor Carlos Saavedra Lamas el 22 de Septiembre de 1911.
260 ## - PUBLICACIÓN, DISTRIBUCIÓN, ETC.
Lugar de publicación, distribución, etc. Buenos Aires :
Nombre del editor, distribuidor, etc. [s.n.],
Fecha de publicación, distribución, etc. 1911 (
Fabricante Tall. de J. Rosso y Cia.)
300 ## - DESCRIPCIÓN FÍSICA
Extensión 127 p. ;
Dimensiones 20 cm.
852 ## - LOCALIZACIÓN
Ubicación ES-MaACL
Número de control de estantería T-1319-F-1
Holdings
Estatus retirado Estado de pérdida Estado de daño No para préstamo Colección Biblioteca de origen Biblioteca actual Ubicación en estantería Fecha de adquisición Fuente de adquisición Total de préstamos Signatura topográfica completa Código de barras Visto por última vez Precio de reemplazo Tipo de ítem Koha
        Colección de folletos Biblioteca del Ateneo de Madrid Biblioteca del Ateneo de Madrid Depósito folletos 17/01/2008     T-1319-F-1 1141708 23/02/2023 23/02/2023 Folleto